000 00764nam a22002297a 4500
003 OSt
005 20251124131413.0
008 251124b |||||||| |||| 00| 0 eng d
020 _a 978-0-262-03724-2
040 _aDWCL-Main lib
_cOC
082 _aCirc. 004.6782 F754c 2017
100 _aFoster, Ian
245 _aCloud computing for science and engineering/
_cIan Foster
260 _aCambridge, Massachusetts:
_bThe MIT press ,
_cc2017.
300 _aix, 372 pages :
_b illustrations ;
_c23cm.
504 _aIncludes bibliographical references and index.
650 _a1. Cloud computing
650 _a2. Engineering-- Data processing
650 _a3. Science-- Data processing
700 _aDennis B. Gannon
942 _2ddc
_cBK-CIRC
_kCirc.
_n0
999 _c6080
_d6080